| 000 | 00578nam a2200217 4500 | ||
|---|---|---|---|
| 999 |
_c9864 _d9864 |
||
| 001 | 10747 | ||
| 003 | OSt | ||
| 005 | 20210205105508.0 | ||
| 008 | 690828m19689999miu |000 0 eng | ||
| 010 | _a68029786 | ||
| 040 |
_aDLC _cDLC _dm.c. _dBSC |
||
| 050 | _bL653E | ||
| 082 | _bL653E | ||
| 092 |
_a224.107 _bL653E |
||
| 100 | 1 |
_aLeupold, H. C. _q(Herbert Carl), _d1892- |
|
| 245 | 1 | 0 |
_aExposition of Isaiah, _cby H. C. Leupold. |
| 260 |
_aGrand Rapids, _bBaker Book House _c[1968- |
||
| 300 |
_a2 v. _c23 cm. |
||
| 630 | 0 | 0 |
_aBible. _pO.T. _pIsaiah _xCommentaries. |
| 942 |
_2ddc _cBK |
||